| 000 | 00898cai a22001815a 4500 | ||
|---|---|---|---|
| 001 | L145709 | ||
| 008 | 081103c xxkao g 000 0 eng d | ||
| 035 | _a(Sirsi) u145709 | ||
| 041 | 0 | _aeng | |
| 110 | 2 |
_aUrban Land Institute _93094 |
|
| 245 | 0 | 4 |
_aThe Urban Land Institute _h[electronic resource] |
| 520 | _aOfficial website for the Urban Land Institute (ULI), a non profit membership organisation for research and education, with over 40 000 members. Members represent all main land use and real estate development disciplines. Provides information on the ULI network (membership information), publications, awards and competitions and education. | ||
| 590 | _aKA | ||
| 651 | 4 |
_aUnited States _y1959- |
|
| 690 | _aENVIRONMENTAL AND LAND CONSULTANCY-PLANNING AND DEVELOPMENT-STRATEGIC PLANNING | ||
| 856 | 4 | 0 |
_uhttps://www.uli.org/ _zView the website free of charge at www.uli.org... |
| 942 | _n0 | ||
| 999 |
_c120720 _d120720 |
||